00626 2200229 4500001002100000005001500021035002000036007000300056008004100059020001800100082001400118084002000132100002000152245007300172260003400245300002200279650002000301700002500321520002600346990001200372990001200384INLIS00000000000199420180523110725 a0010-0518000064ta180523 g 1 ind  a979-25-7426-3 a899.221 3 a899.221 3 YAN q0 aYANTI, Soeparmo1 aQueen of the East /cYanti Soeparmo; penyunting, Farid Ikhsan Asbani aYogyakarta :bSemesta,c[s.a] a389 hlm ;c21 cm. aFIKSI INDONESIA0 aFARID, Ikhsan Asbani aBibliografi: hlm. 389 a16736 a a16736 b